Word Ladder: Potato Snacks Quiz Stats

 Plays Quiz Updated Jun 24, 2019

Score 0/16 Timer 02:00
10 Plays Today
Clue 4-Letter Word % Correct
Opposite of firstLAST
99%
A young Scottish womanLASS
96%
A fine spray of waterMIST
95.7%
Supporter of a sailMAST
95.4%
Merlot or chardonnay, e.g.WINE
95.2%
Holder of ice creamCONE
94.6%
An informal conversationCHAT
92.1%
Become cracked, like lipsCHAP
91.3%
Clue 4-Letter Word % Correct
• A brand of potato snacks •• LAYS •
91.2%
Type of cabbage slawCOLE
90.8%
• Generic potato snack •• CHIP •
90.1%
A layer of paintCOAT
88.8%
Young horseCOLT
88.7%
Motion pictureCINE
87.3%
___ en scène: arrangement of stage pieces on the setMISE
74.4%
• A brand of potato snacks •• WISE •
74.2%

Today's Daily Dose

Missing Word
Sherlocks

Word Ladder
King of the Hill

Quick Pick
Songs in Pink

Get the Picture
NBA Teammates

You're not logged in!

Compare scores with friends on all Sporcle quizzes.
OR
Log In

Sporcle TV

Today on Sporcle TV


Watch our educational content, quiz creation guides, and fun videos on Sporcle TV.

Show Comments

Extras

Top Quizzes Today


Score Distribution

Your Account Isn't Verified!

In order to create a playlist on Sporcle, you need to verify the email address you used during registration. Go to your Sporcle Settings to finish the process.

Report this User

Report this user for behavior that violates our Community Guidelines.

Details: